| 000 | 00463nam a2200205Ia 4500 | ||
|---|---|---|---|
| 003 | OSt | ||
| 005 | 20251209121442.0 | ||
| 008 | 250729s1988 xx 000 0 und d | ||
| 020 | _a978-0385504249 | ||
| 040 | _cAL | ||
| 041 | _aeng | ||
| 082 | _a823 HAIE | ||
| 100 |
_aHailey Arthur _9226268 |
||
| 245 | _aEvening news | ||
| 260 |
_aLondon _c1988 |
||
| 300 | _a646p | ||
| 650 |
_aHistory _9226269 |
||
| 700 |
_aRao Digumurthi _9226270 |
||
| 942 |
_2ddc _cBED |
||
| 999 |
_c237240 _d237240 |
||